000 00862cam a2200205 4500
001 WB3805-02
008 020207n2002 000 0 eng u
035 _a(Sirsi) u116643
245 _aNew construction orders Dec 2001
260 _c2002
490 _aDTI News Release
_vC-0202 7 February 2002, (2)
520 _aReport analyses construction orders for 4Q 2001. Highlights that orders fell by 13% in this period compared to the previous quarter, with falls in all sectors except public housing. For more detailed analysis:- http://213.38.88.251/coi/coipress.nsf/2b45e1e3ffe090ac802567350059d840/f5c23629d78e6bc080256b5900376b4e?OpenDocument
590 _aWB
650 _aCONSTRUCTION DEMAND
650 _aCONSTRUCTION ORDERS
650 _aSTATISTICS
650 _aCONSTRUCTION MARKET
690 _aBUILDING AND CONSTRUCTION-ECONOMICS
942 _n0
999 _c69462
_d69462